[Event "Open SSC Rostock 07 - 2009"]
[Site "Rostock"]
[Date "2009.08.27"]
[Round "2.2"]
[White "Szelag, Marcin"]
[Black "Welz, Peter"]
[Result "1-0"]
[WhiteElo "2466"]
[BlackElo "2101"]
[PlyCount "91"]
[EventDate "2009.08.27"]
[EventType "swiss"]
[EventRounds "7"]
[EventCountry "GER"]
[Source "Th. Schwetlick"]
[SourceDate "2009.08.27"]
[WhiteTeam "SSC Rostock 07"]
[BlackTeam "SV Empor Berlin"]

1. e4 e6 2. d4 d5 3. Nc3 dxe4 4. Nxe4 Qd5 5. Bd3 Nf6 6. Nxf6+ gxf6 7. Nf3 Nc6
8. c4 Qh5 9. Bd2 Bd7 10. Be2 Qg6 11. Qb3 O-O-O 12. O-O-O Bh6 13. Bxh6 Qxh6+ 14.
Rd2 Kb8 15. Rhd1 Bc8 16. Qc3 Ne7 17. g3 b6 18. Kb1 Bb7 19. Ka1 Rd7 20. h4 Rhd8
21. a3 Nc8 22. d5 exd5 23. c5 bxc5 24. Qxc5 Qf8 25. Qc3 Qd6 26. Rc1 Qb6 27. Rd4
c5 28. Qxc5 Qxc5 29. Rxc5 Nd6 30. Bd3 h5 31. b3 Re8 32. Kb2 Rc7 33. Rxc7 Kxc7
34. Rf4 Ne4 35. Nd4 a6 36. Kc2 Kd7 37. Bxe4 Rxe4 38. Rxe4 dxe4 39. Nf5 e3 40.
Nxe3 Ke6 41. Kd3 Bc8 42. Kd4 Kd6 43. Nd5 Ke6 44. Nf4+ Kf5 45. Nxh5 Bb7 46. Nf4
1-0

[Event "Open SSC Rostock 07 - 2009"]
[Site "Rostock"]
[Date "2009.08.27"]
[Round "2.3"]
[White "Jeske, Holger"]
[Black "Tomczak, Rafal"]
[Result "1/2-1/2"]
[WhiteElo "1980"]
[BlackElo "2345"]
[PlyCount "106"]
[EventDate "2009.08.27"]
[EventType "swiss"]
[EventRounds "7"]
[EventCountry "GER"]
[Source "Th. Schwetlick"]
[SourceDate "2009.08.27"]
[WhiteTeam "SSC Rostock 07"]
[BlackTeam "SSC Rostock 07"]

1. e4 c5 2. Nf3 d6 3. Be2 Nf6 4. d3 Nc6 5. c3 g6 6. O-O Bg7 7. h3 O-O 8. Be3
Bd7 9. Nbd2 Rc8 10. Rc1 b5 11. a3 Qa5 12. d4 cxd4 13. cxd4 Ne8 14. d5 Ne5 15.
Rxc8 Bxc8 16. Bd4 f5 17. Ng5 f4 18. Qc1 Bd7 19. b4 Qa6 20. Bxe5 Bxe5 21. Bg4
Bxg4 22. hxg4 Nf6 23. Qc7 Re8 24. Ndf3 Qc8 25. Rc1 Qxg4 26. Ne6 h5 27. Nxe5
dxe5 28. Qxe5 f3 29. Nf4 g5 30. Qe6+ Qxe6 31. Nxe6 Nxe4 32. gxf3 Nd2 33. Kg2
Nc4 34. a4 Rc8 35. Nc5 Nb6 36. Re1 Nxd5 37. Re5 Nf4+ 38. Kg3 Kf7 39. Rxg5 Ne2+
40. Kh4 bxa4 41. Rf5+ Kg6 42. Rg5+ Kf6 43. Ne4+ Kf7 44. Rf5+ Ke6 45. Ra5 Rc1
46. Nc5+ Kf6 47. Ne4+ Kf7 48. Rxa4 Rh1+ 49. Kg5 h4 50. Kg4 Nd4 51. Ng5+ Kf6 52.
Ra6+ e6 53. f4 Rg1+ 1/2-1/2

[Event "Open SSC Rostock 07 - 2009"]
[Site "Rostock"]
[Date "2009.08.27"]
[Round "2.4"]
[White "Steinhagen, Bernd"]
[Black "Leisner, Hannes"]
[Result "1/2-1/2"]
[WhiteElo "2318"]
[BlackElo "2021"]
[PlyCount "104"]
[EventDate "2009.08.27"]
[EventType "swiss"]
[EventRounds "7"]
[EventCountry "GER"]
[Source "Th. Schwetlick"]
[SourceDate "2009.08.27"]
[WhiteTeam "SC Rotation Pankow"]
[BlackTeam "Greifswalder SV"]

1. c4 Nf6 2. Nc3 d5 3. cxd5 Nxd5 4. g3 g6 5. Bg2 Nb6 6. Nf3 Bg7 7. O-O O-O 8.
d3 Nc6 9. Bf4 h6 10. Qd2 Kh7 11. Rfd1 e5 12. Be3 f5 13. Qc2 Be6 14. a3 Qe7 15.
b4 Qf7 16. Rab1 Rae8 17. Bc5 Rg8 18. Rdc1 Nd7 19. Be3 Kh8 20. Qd2 g5 21. d4 f4
22. d5 fxe3 23. fxe3 Bf5 24. dxc6 bxc6 25. Rf1 Qe6 26. Rbd1 Nb6 27. e4 Bg6 28.
Qe3 Qb3 29. Rd3 Qxa3 30. Nd5 Nxd5 31. Rxa3 Nxe3 32. Rxe3 Rb8 33. Rb3 Rb5 34.
Ra1 Ra8 35. Ra6 Bxe4 36. Nd2 Bd5 37. Rb1 Rb6 38. Ra5 Bxg2 39. Kxg2 Rb5 40. Ne4
Bf8 41. Rd1 Bxb4 42. Rxb5 cxb5 43. Rd7 Re8 44. Nf6 Re7 45. Rd8+ Kg7 46. Nd5 a5
47. Nxe7 Bxe7 48. Rd7 Kf6 49. Rxc7 a4 50. Kf3 a3 51. Ke4 b4 52. Kd3 b3 1/2-1/2

[Event "Open SSC Rostock 07 - 2009"]
[Site "Rostock"]
[Date "2009.08.27"]
[Round "2.5"]
[White "Wolf, Christoph"]
[Black "Schulz, Michael"]
[Result "0-1"]
[WhiteElo "1963"]
[BlackElo "2268"]
[PlyCount "90"]
[EventDate "2009.08.27"]
[EventType "swiss"]
[EventRounds "7"]
[EventCountry "GER"]
[Source "Th. Schwetlick"]
[SourceDate "2009.08.27"]
[WhiteTeam "SC Neukloster"]
[BlackTeam "SC Zitadelle Spandau 1977"]

1. e4 e6 2. Nf3 d5 3. Nc3 Nf6 4. exd5 Nxd5 5. Bc4 Nb6 6. Bb3 Nc6 7. d4 Na5 8.
O-O Be7 9. Bf4 Bd7 10. d5 Nxb3 11. axb3 O-O 12. dxe6 fxe6 13. Bg3 c6 14. Re1
Nd5 15. Nd4 Bb4 16. Nxe6 Bxe6 17. Rxe6 Nxc3 18. bxc3 Bxc3 19. Rb1 Qxd1+ 20.
Rxd1 Rad8 21. Rxd8 Rxd8 22. Rd6 Ra8 23. Kf1 a5 24. Ke2 Bb2 25. Kd2 b5 26. Rxc6
a4 27. bxa4 bxa4 28. Bd6 a3 29. Bxa3 Bxa3 30. Ke2 Kf7 31. Kf3 Be7 32. g4 Ra3+
33. Kg2 Bf6 34. f4 h6 35. f5 Ra7 36. Re6 Rc7 37. Re2 Rc3 38. Kf2 Bd4+ 39. Kg2
Be3 40. Kf3 Bc5+ 41. Kg2 Kf6 42. h4 Be3 43. Kh1 Ke5 44. g5 hxg5 45. hxg5 Kxf5
0-1

[Event "Open SSC Rostock 07 - 2009"]
[Site "Rostock"]
[Date "2009.08.27"]
[Round "2.6"]
[White "Duester, Christian"]
[Black "Wolke, Heiko"]
[Result "1-0"]
[WhiteElo "2240"]
[BlackElo "2012"]
[PlyCount "61"]
[EventDate "2009.08.27"]
[EventType "swiss"]
[EventRounds "7"]
[EventCountry "GER"]
[Source "Th. Schwetlick"]
[SourceDate "2009.08.27"]
[WhiteTeam "SC Rotation Pankow"]
[BlackTeam "SF Ostsee Warnemuende"]

1. e4 c6 2. d4 d5 3. e5 Bf5 4. h4 h5 5. Be2 c5 6. dxc5 Nc6 7. Nf3 e6 8. Be3 Qc7
9. c3 Nh6 10. Na3 a6 11. Qa4 Be7 12. Nb5 Qd7 13. Bxh6 Rxh6 14. b4 Kf8 15. Nd6
Nxe5 16. Qxd7 Nxd7 17. Nxb7 Ra7 18. c6 Nb6 19. a4 e5 20. Na5 d4 21. O-O dxc3
22. b5 c2 23. Nb3 Nd5 24. Bc4 Rd6 25. Nxe5 f6 26. Nd4 Bc8 27. Ng6+ Kf7 28. b6
Kxg6 29. bxa7 Nb6 30. a5 Na8 31. Nxc2 1-0

[Event "Open SSC Rostock 07 - 2009"]
[Site "Rostock"]
[Date "2009.08.27"]
[Round "2.7"]
[White "Kopischke, Maik"]
[Black "Porsch, Harald"]
[Result "1/2-1/2"]
[WhiteElo "1899"]
[BlackElo "2196"]
[PlyCount "35"]
[EventDate "2009.08.27"]
[EventType "swiss"]
[EventRounds "7"]
[EventCountry "GER"]
[Source "Th. Schwetlick"]
[SourceDate "2009.08.27"]
[WhiteTeam "SC Zugzwang 95"]
[BlackTeam "SC Rotation Pankow"]

1. d4 d5 2. Nf3 Nf6 3. Bg5 e6 4. e3 Be7 5. Nbd2 Nbd7 6. Bd3 c6 7. O-O b6 8. c3
Bb7 9. Ne5 Nxe5 10. dxe5 Nd7 11. Bxe7 Qxe7 12. f4 O-O-O 13. b4 f5 14. Nf3 h6
15. Qa4 Kb8 16. Ba6 Ba8 17. Nd4 b5 18. Qb3 1/2-1/2

[Event "Open SSC Rostock 07 - 2009"]
[Site "Rostock"]
[Date "2009.08.27"]
[Round "2.8"]
[White "Peschel, Andreas"]
[Black "Bigalke, Steffen"]
[Result "1-0"]
[WhiteElo "2191"]
[BlackElo "1978"]
[PlyCount "65"]
[EventDate "2009.08.27"]
[EventType "swiss"]
[EventRounds "7"]
[EventCountry "GER"]
[Source "Th. Schwetlick"]
[SourceDate "2009.08.27"]
[WhiteTeam "SG Solingen"]
[BlackTeam "SAV Torgelow-Droegeheide"]

1. d4 d6 2. Nf3 Nf6 3. g3 g6 4. Bg2 Bg7 5. b3 Nc6 6. Bb2 e5 7. d5 Ne7 8. c4 O-O
9. Nc3 h6 10. c5 e4 11. cxd6 Qxd6 12. Nd2 e3 13. fxe3 Nfxd5 14. Nxd5 Bxb2 15.
Nc4 Nxd5 16. Nxd6 Nxe3 17. Qb1 Bxa1 18. Bxb7 cxd6 19. Bxa8 d5 20. Kd2 Bd4 21.
Rf1 Bf5 22. Rxf5 gxf5 23. Bb7 Kg7 24. Kd3 Bb6 25. a4 Ng4 26. b4 Rb8 27. Ba6
Nf2+ 28. Kc2 Ne4 29. Qf1 Nf2 30. Qa1+ f6 31. a5 Bc7 32. Qd4 Ng4 33. Qxa7 1-0

[Event "Open SSC Rostock 07 - 2009"]
[Site "Rostock"]
[Date "2009.08.27"]
[Round "2.9"]
[White "Friedel, Marcus"]
[Black "Richter, Ruediger"]
[Result "1/2-1/2"]
[WhiteElo "2142"]
[BlackElo "1846"]
[PlyCount "103"]
[EventDate "2009.08.27"]
[EventType "swiss"]
[EventRounds "7"]
[EventCountry "GER"]
[Source "Th. Schwetlick"]
[SourceDate "2009.08.27"]
[WhiteTeam "SK 1926 Ettlingen"]
[BlackTeam "SVG Friedrichsort"]

1. e4 d5 2. exd5 Qxd5 3. Nc3 Qd6 4. d4 Nf6 5. Nf3 a6 6. g3 Bg4 7. Bg2 Nc6 8.
Be3 g6 9. h3 Bxf3 10. Qxf3 Bg7 11. O-O O-O 12. Ne2 Rab8 13. Bf4 e5 14. dxe5
Nxe5 15. Qb3 Qe7 16. Nc3 Qc5 17. Be3 Qc4 18. Ba7 Qxb3 19. axb3 Ra8 20. Bd4 Nc6
21. Bxc6 bxc6 22. Ra4 Nd5 23. Bxg7 Kxg7 24. Nxd5 cxd5 25. Rd1 c6 26. Rda1 Rfc8
27. Rxa6 Rxa6 28. Rxa6 Rc7 29. f4 f5 30. Kf2 Kf7 31. b4 c5 32. bxc5 Rxc5 33.
Ra7+ Kf6 34. c3 d4 35. cxd4 Rc2+ 36. Ke3 Rxb2 37. Rxh7 Rb3+ 38. Kf2 Rb2+ 39.
Kf1 Rb3 40. Kf2 Rb2+ 41. Ke1 Rg2 42. d5 Rxg3 43. Ke2 Ra3 44. d6 Ra6 45. d7 Rd6
46. h4 Ke6 47. Rg7 Kf6 48. Rh7 Ke6 49. Ke3 Rxd7 50. Rxd7 Kxd7 51. Kd3 Kd6 52.
Kc4 1/2-1/2

[Event "Open SSC Rostock 07 - 2009"]
[Site "Rostock"]
[Date "2009.08.27"]
[Round "2.10"]
[White "Weber, Max"]
[Black "Kliewe, Hans Juergen"]
[Result "1/2-1/2"]
[WhiteElo "1894"]
[BlackElo "2120"]
[PlyCount "129"]
[EventDate "2009.08.27"]
[EventType "swiss"]
[EventRounds "7"]
[EventCountry "GER"]
[Source "Th. Schwetlick"]
[SourceDate "2009.08.27"]
[WhiteTeam "SSC Rostock 07"]
[BlackTeam "ASV Gruen-Weiss Wismar"]

1. d4 d5 2. Nf3 Nf6 3. e3 Bf5 4. Bd3 Bg4 5. Nbd2 e6 6. O-O c6 7. c4 Be7 8. b3
O-O 9. Qc2 Nbd7 10. Ne5 Bh5 11. Bb2 Rc8 12. Rac1 Bb4 13. f3 Bxd2 14. Qxd2 dxc4
15. Nxc4 Nb6 16. Ba3 Nxc4 17. bxc4 Re8 18. Qf2 e5 19. Bf5 Ra8 20. dxe5 Rxe5 21.
e4 Bg6 22. Bxg6 hxg6 23. Rfd1 Qa5 24. Bb2 Re7 25. Rd2 Rd8 26. Bc3 Rxd2 27. Bxa5
Rxf2 28. Kxf2 Rd7 29. Bb4 c5 30. Bc3 Kf8 31. Ke2 Ne8 32. Be5 Ke7 33. Rc3 f6 34.
Bb8 a6 35. f4 b6 36. f5 g5 37. Ra3 Rb7 38. Bg3 Ra7 39. e5 fxe5 40. Bxe5 Nd6 41.
Bxd6+ Kxd6 42. Re3 Rf7 43. Re6+ Kc7 44. g4 Kb7 45. a4 Rd7 46. Rg6 b5 47. axb5
axb5 48. cxb5 c4 49. Rc6 Rc7 50. Rd6 Rc5 51. Rd7+ Rc7 52. Rd6 Rc5 53. Rg6 Rxb5
54. Rxg7+ Kc6 55. f6 Rb2+ 56. Kf3 Kd6 57. Rxg5 c3 58. f7 Ke7 59. Rc5 Rxh2 60.
Rc7+ Kf8 61. Kf4 Rf2+ 62. Kg5 Rxf7 63. Rxc3 Kg7 64. Rc6 Ra7 65. Rb6 1/2-1/2

[Event "Open SSC Rostock 07 - 2009"]
[Site "Rostock"]
[Date "2009.08.27"]
[Round "2.11"]
[White "Zentgraf, Robert"]
[Black "Eichstaedt, Enrico"]
[Result "1-0"]
[WhiteElo "2119"]
[BlackElo "1890"]
[PlyCount "83"]
[EventDate "2009.08.27"]
[EventType "swiss"]
[EventRounds "7"]
[EventCountry "GER"]
[Source "Th. Schwetlick"]
[SourceDate "2009.08.27"]
[WhiteTeam "SAV Torgelow-Droegeheide"]
[BlackTeam "SC Neukloster"]

1. d4 Nf6 2. Nc3 d5 3. Bg5 e6 4. e4 dxe4 5. Nxe4 Be7 6. Bxf6 Bxf6 7. Nf3 O-O 8.
Bd3 b6 9. Nxf6+ Qxf6 10. Be4 c6 11. Qd3 g6 12. O-O-O Bb7 13. Ne5 Qe7 14. Qf3
Rc8 15. Rhe1 f5 16. Bd3 c5 17. Qg3 Qf6 18. f4 cxd4 19. h4 Nc6 20. Nd7 Qf7 21.
Bc4 Re8 22. Ne5 Nxe5 23. Rxe5 Rad8 24. Qb3 Bd5 25. Rxd4 Bxc4 26. Qxc4 Rxd4 27.
Qxd4 Qb7 28. Qf2 Kf7 29. Qe2 Qc6 30. a3 Qa4 31. Qf3 Re7 32. g3 Rd7 33. Qc3 Qd4
34. Qxd4 Rxd4 35. Re3 Kf6 36. c3 Re4 37. Rxe4 fxe4 38. Kd2 Kf5 39. Ke3 Kg4 40.
c4 Kxg3 41. b4 Kxh4 42. c5 1-0

[Event "Open SSC Rostock 07 - 2009"]
[Site "Rostock"]
[Date "2009.08.27"]
[Round "2.12"]
[White "Hamann, Dirk"]
[Black "Henselin, Frank"]
[Result "1-0"]
[WhiteElo "2048"]
[BlackElo "1434"]
[PlyCount "51"]
[EventDate "2009.08.27"]
[EventType "swiss"]
[EventRounds "7"]
[EventCountry "GER"]
[Source "Th. Schwetlick"]
[SourceDate "2009.08.27"]
[WhiteTeam "SF Ostsee Warnemuende"]
[BlackTeam "SAV Torgelow-Droegeheide"]

1. e4 d6 2. Bc4 Nf6 3. Nc3 c6 4. d3 g6 5. Nf3 Bg7 6. O-O O-O 7. Bg5 Nbd7 8. Qd2
Nb6 9. Bb3 e5 10. Rfe1 Qc7 11. h3 Re8 12. Bh6 d5 13. exd5 Nfxd5 14. Nxd5 cxd5
15. Rad1 Bd7 16. c3 Rad8 17. Qg5 f6 18. Qh4 Be6 19. Bxg7 Kxg7 20. Qg3 Qd6 21.
h4 Nd7 22. h5 Nc5 23. hxg6 hxg6 24. Bc2 Bf7 25. Nh4 Ne6 26. Nf5+ 1-0

[Event "Open SSC Rostock 07 - 2009"]
[Site "Rostock"]
[Date "2009.08.27"]
[Round "2.13"]
[White "Celmer, Ole"]
[Black "Kathstede, Gerd"]
[Result "0-1"]
[WhiteElo "1543"]
[BlackElo "2147"]
[PlyCount "56"]
[EventDate "2009.08.27"]
[EventType "swiss"]
[EventRounds "7"]
[EventCountry "GER"]
[Source "Th. Schwetlick"]
[SourceDate "2009.08.27"]
[WhiteTeam "SSC Rostock 07"]
[BlackTeam "Hervest-Dorstener SK"]

1. e4 c5 2. Nf3 g6 3. d4 cxd4 4. Nxd4 Bg7 5. Be3 Nc6 6. Nc3 Nf6 7. Be2 O-O 8.
Qd2 d5 9. exd5 Nxd5 10. Nxc6 bxc6 11. Nxd5 cxd5 12. c3 Bb7 13. O-O e5 14. Rad1
Qe7 15. f4 d4 16. cxd4 exd4 17. Bf2 Rfd8 18. Bc4 Qf6 19. Bg3 Rac8 20. Qd3 Qc6
21. Bxf7+ Kxf7 22. Rf2 Kg8 23. f5 gxf5 24. Qxf5 Rf8 25. Qg5 Rxf2 26. Bxf2 Qg6
27. Qxg6 hxg6 28. Bxd4 Rd8 0-1

[Event "Open SSC Rostock 07 - 2009"]
[Site "Rostock"]
[Date "2009.08.27"]
[Round "2.14"]
[White "Luther, Alexander"]
[Black "Stiefel, Roland"]
[Result "0-1"]
[WhiteElo "1689"]
[BlackElo "2073"]
[PlyCount "110"]
[EventDate "2009.08.27"]
[EventType "swiss"]
[EventRounds "7"]
[EventCountry "GER"]
[Source "Th. Schwetlick"]
[SourceDate "2009.08.27"]
[WhiteTeam "SSC Rostock 07"]
[BlackTeam "ZSG Gruen-Weiss Waltershausen"]

1. e4 c5 2. Nf3 a6 3. d4 cxd4 4. Nxd4 Nf6 5. Nc3 e5 6. Nf3 Bb4 7. Bd2 O-O 8.
Bd3 d6 9. O-O Bg4 10. h3 Bh5 11. a3 Ba5 12. Re1 Nc6 13. b4 Bb6 14. Be2 Bg6 15.
Bg5 Rc8 16. Bxf6 gxf6 17. Nd5 Ba7 18. Bd3 Kg7 19. Nh4 Qd7 20. Nf5+ Kh8 21. Nxf6
Qe6 22. Ng4 Nd4 23. Rc1 Rcd8 24. Nxd4 Bxd4 25. c3 Ba7 26. Ne3 Qf6 27. Qf3 Qg5
28. Nf5 Rg8 29. Bf1 d5 30. Ng3 f5 31. exf5 e4 32. Qg4 Qd2 33. Qe2 Qf4 34. fxg6
Qxg3 35. gxh7 Rgf8 36. Kh1 Rxf2 37. Qg4 Qe5 38. Re2 Rf4 39. Qg6 Rdf8 40. Ree1
Bb8 41. g3 R4f6 42. Qg4 Rf3 43. Qh4 Rxg3 44. Re2 Rgf3 45. Kg1 R3f4 46. Qe1 Ba7+
47. Kh1 Qf5 48. Bg2 Rf6 49. c4 Bf2 50. Qd2 d4 51. Rxf2 Rxf2 52. Qxd4 Rxg2 53.
Kxg2 Qf3+ 54. Kh2 Qf4+ 55. Kh1 Qxc1+ 0-1

[Event "Open SSC Rostock 07 - 2009"]
[Site "Rostock"]
[Date "2009.08.27"]
[Round "2.15"]
[White "Giese, Guido"]
[Black "Schreiber, Felix"]
[Result "1-0"]
[WhiteElo "2015"]
[BlackElo "1528"]
[PlyCount "59"]
[EventDate "2009.08.27"]
[EventType "swiss"]
[EventRounds "7"]
[EventCountry "GER"]
[Source "Th. Schwetlick"]
[SourceDate "2009.08.27"]
[WhiteTeam "TSG Neuruppin"]
[BlackTeam "SC Mecklenburger Springer"]

1. Nc3 Nf6 2. e4 d6 3. d4 g6 4. Be2 Bg7 5. h4 Nbd7 6. h5 e5 7. d5 b6 8. hxg6
hxg6 9. Rxh8+ Bxh8 10. Bg5 Bb7 11. Bb5 a6 12. Bc6 Bxc6 13. dxc6 Nf8 14. Qf3
N8h7 15. Qh3 Nxg5 16. Qxh8+ Ke7 17. Qh4 Ngh7 18. Nf3 Kf8 19. O-O-O Nh5 20.
Qxd8+ Rxd8 21. Nxe5 N7f6 22. Nd3 Ng7 23. Nb4 a5 24. Nbd5 Nxd5 25. Nxd5 Ne6 26.
f4 Rc8 27. f5 gxf5 28. exf5 Nd8 29. Rh1 Rb8 30. f6 1-0

[Event "Open SSC Rostock 07 - 2009"]
[Site "Rostock"]
[Date "2009.08.27"]
[Round "2.16"]
[White "Hingst, Silke"]
[Black "Jaehn, Justin"]
[Result "0-1"]
[WhiteElo "1878"]
[BlackElo "1587"]
[PlyCount "40"]
[EventDate "2009.08.27"]
[EventType "swiss"]
[EventRounds "7"]
[EventCountry "GER"]
[Source "Th. Schwetlick"]
[SourceDate "2009.08.27"]
[WhiteTeam "SSC Rostock 07"]
[BlackTeam "SF Schwerin"]

1. e4 g6 2. d4 Bg7 3. f4 d6 4. Nf3 e6 5. Be2 Ne7 6. O-O b6 7. c3 Bb7 8. Nbd2
Nd7 9. Bd3 Qc8 10. f5 h6 11. fxe6 fxe6 12. Nh4 e5 13. d5 Ba6 14. Bxa6 Qxa6 15.
Qg4 Nf6 16. Qe6 Qc8 17. Rxf6 Bxf6 18. Qxf6 Rf8 19. Qg7 Qg4 20. Qxh6 Qd1+ 0-1

[Event "Open SSC Rostock 07 - 2009"]
[Site "Rostock"]
[Date "2009.08.27"]
[Round "2.17"]
[White "Hilbert, Stephan Joerg"]
[Black "Erich, Juergen"]
[Result "0-1"]
[WhiteElo "1591"]
[BlackElo "1873"]
[PlyCount "62"]
[EventDate "2009.08.27"]
[EventType "swiss"]
[EventRounds "7"]
[EventCountry "GER"]
[Source "Th. Schwetlick"]
[SourceDate "2009.08.27"]
[WhiteTeam "SV Wartburgstadt Eisenach"]
[BlackTeam "TSV Travemuende von 1860"]

1. b4 e5 2. Bb2 Bxb4 3. Bxe5 Nf6 4. e3 O-O 5. Nf3 Re8 6. Be2 Bf8 7. O-O g6 8.
c4 Bg7 9. d3 c5 10. Bc3 d5 11. Nbd2 Nc6 12. Re1 dxc4 13. Nxc4 Bf5 14. a3 Qc7
15. Qb3 Nd7 16. Rab1 b5 17. Nb2 c4 18. Qc2 Nce5 19. Bxe5 Nxe5 20. e4 Nxf3+ 21.
Bxf3 Be6 22. dxc4 Rac8 23. Rec1 bxc4 24. Na4 Be5 25. g3 Red8 26. Rd1 Rxd1+ 27.
Bxd1 Rd8 28. Nc3 Qa5 29. Na4 Rd2 30. Qc1 Bd4 31. Rb5 Bxf2+ 0-1

[Event "Open SSC Rostock 07 - 2009"]
[Site "Rostock"]
[Date "2009.08.27"]
[Round "2.18"]
[White "Schreiber, Nico"]
[Black "Losch, Marika"]
[Result "0-1"]
[WhiteElo "1844"]
[BlackElo "1331"]
[PlyCount "46"]
[EventDate "2009.08.27"]
[EventType "swiss"]
[EventRounds "7"]
[EventCountry "GER"]
[Source "Th. Schwetlick"]
[SourceDate "2009.08.27"]
[WhiteTeam "SC Mecklenburger Springer"]

1. d4 Nf6 2. Nf3 c5 3. c3 cxd4 4. Nxd4 e5 5. Nb3 Be7 6. g3 a5 7. a4 h5 8. h4
Ra6 9. N1d2 Ng4 10. Ne4 d5 11. Ng5 Rf6 12. Nh3 d4 13. Bg5 Rb6 14. Bxe7 Kxe7 15.
cxd4 Qd5 16. f3 Ne3 17. Qc1 Rxb3 18. Qc7+ Bd7 19. Kf2 Qxd4 20. Qc1 Nc2+ 21. e3
Nxe3 22. Ke1 Rc8 23. Qd2 Nc2+ 0-1

[Event "Open SSC Rostock 07 - 2009"]
[Site "Rostock"]
[Date "2009.08.27"]
[Round "2.20"]
[White "Raessler, Arndt"]
[Black "Breuel, Steffen"]
[Result "1-0"]
[WhiteElo "1839"]
[BlackElo "1054"]
[PlyCount "51"]
[EventDate "2009.08.27"]
[EventType "swiss"]
[EventRounds "7"]
[EventCountry "GER"]
[Source "Th. Schwetlick"]
[SourceDate "2009.08.27"]
[WhiteTeam "ASV Gruen-Weiss Wismar"]
[BlackTeam "SSC Rostock 07"]

1. d4 Nf6 2. c4 e6 3. Nf3 c5 4. d5 d6 5. Nc3 Be7 6. e3 O-O 7. Be2 exd5 8. cxd5
Bf5 9. O-O Nbd7 10. Nd2 Rc8 11. Kh1 a6 12. a4 Ne5 13. a5 c4 14. e4 Bd7 15. f4
Nd3 16. Nxc4 Nxc1 17. Rxc1 Ne8 18. Nb6 Rc7 19. e5 g6 20. h3 Ng7 21. g4 dxe5 22.
fxe5 Bc5 23. Ne4 Bxb6 24. axb6 Rxc1 25. Qxc1 Qxb6 26. Nf6+ 1-0

[Event "Open SSC Rostock 07 - 2009"]
[Site "Rostock"]
[Date "2009.08.27"]
[Round "2.21"]
[White "Bardosch, Konstantin"]
[Black "Friedel, Roland"]
[Result "1-0"]
[WhiteElo "1350"]
[BlackElo "1757"]
[PlyCount "35"]
[EventDate "2009.08.27"]
[EventType "swiss"]
[EventRounds "7"]
[EventCountry "GER"]
[Source "Th. Schwetlick"]
[SourceDate "2009.08.27"]
[WhiteTeam "SSC Rostock 07"]
[BlackTeam "SSC Rostock 07"]

1. d4 d5 2. c4 dxc4 3. Nc3 e6 4. e4 c5 5. Nf3 a6 6. Bxc4 b5 7. Bb3 cxd4 8. Nxd4
Bb7 9. O-O b4 10. Ba4+ Ke7 11. Qd2 bxc3 12. Qg5+ f6 13. Qc5+ Qd6 14. Qxd6+ Kxd6
15. Bf4+ Ke7 16. Rfc1 cxb2 17. Rc7+ Kd8 18. Nxe6# 1-0

[Event "Open SSC Rostock 07 - 2009"]
[Site "Rostock"]
[Date "2009.08.27"]
[Round "2.22"]
[White "Jaensch, Robert"]
[Black "Feilcke, Samuel"]
[Result "1-0"]
[WhiteElo "1720"]
[BlackElo "846"]
[PlyCount "55"]
[EventDate "2009.08.27"]
[EventType "swiss"]
[EventRounds "7"]
[EventCountry "GER"]
[Source "Th. Schwetlick"]
[SourceDate "2009.08.27"]
[WhiteTeam "SSC Rostock 07"]

1. e4 e6 2. d4 d5 3. e5 c5 4. c3 Nc6 5. f4 Qb6 6. Nf3 cxd4 7. cxd4 Nge7 8. Nc3
a6 9. Na4 Qa7 10. Be3 Nf5 11. Bf2 Bb4+ 12. Nc3 Qb6 13. a3 Bxc3+ 14. bxc3 Qb2
15. Qc1 Qb3 16. Rb1 Qa4 17. Bd3 b5 18. O-O O-O 19. Nd2 Rb8 20. Nb3 b4 21. axb4
Nxb4 22. cxb4 Rxb4 23. Nc5 Rxb1 24. Nxa4 Rxc1 25. Rxc1 Bd7 26. Nc5 Bb5 27. Ra1
Ra8 28. Bxb5 1-0

[Event "Open SSC Rostock 07 - 2009"]
[Site "Rostock"]
[Date "2009.08.27"]
[Round "2.23"]
[White "Bardosch, Karl Valentin"]
[Black "Nielsen, Jorgen Kamp"]
[Result "0-1"]
[WhiteElo "1266"]
[BlackElo "1711"]
[PlyCount "112"]
[EventDate "2009.08.27"]
[EventType "swiss"]
[EventRounds "7"]
[EventCountry "GER"]
[Source "Th. Schwetlick"]
[SourceDate "2009.08.27"]
[WhiteTeam "SSC Rostock 07"]
[BlackTeam "Skakklubben K41"]

1. e4 Nf6 2. Nc3 d5 3. exd5 Nxd5 4. Nxd5 Qxd5 5. d4 c5 6. Nf3 Bg4 7. c3 Bxf3 8.
Qxf3 Qxf3 9. gxf3 cxd4 10. cxd4 a6 11. Be3 Nc6 12. Bg2 e6 13. O-O Be7 14. Rac1
O-O 15. Rfd1 Rfd8 16. f4 Rac8 17. d5 exd5 18. Bxd5 Rd6 19. Bxc6 Rcxc6 20. Rxd6
Rxc1+ 21. Bxc1 Bxd6 22. Kg2 f5 23. h4 g6 24. Kf3 Kg7 25. Bd2 Be7 26. Bc3+ Kh6
27. Kg3 Kh5 28. f3 Bxh4+ 29. Kh3 Be7 30. b3 Kh6 31. Kg3 Bf8 32. Kh3 Bg7 33. Bd2
Bd4 34. Bb4 Kg7 35. Kg3 Kf7 36. Kh4 Bf6+ 37. Kg3 Ke6 38. Kf2 Bd4+ 39. Kg3 Kd5
40. Kg2 b6 41. Kg3 a5 42. Be7 Bc5 43. Bf6 a4 44. bxa4 Bf8 45. Bd8 Kc6 46. a5 b5
47. Kh4 h6 48. Bb6 Kb7 49. Kg3 Ka6 50. Kf2 Bb4 51. Ke3 Bxa5 52. Bd4 Bb6 53.
Bxb6 Kxb6 54. Kd3 Ka5 55. Kc3 Ka4 56. Kb2 h5 0-1

[Event "Open SSC Rostock 07 - 2009"]
[Site "Rostock"]
[Date "2009.08.27"]
[Round "2.24"]
[White "Goldmund, Heike"]
[Black "Schreiber, Kevin"]
[Result "0-1"]
[WhiteElo "1027"]
[BlackElo "1593"]
[PlyCount "58"]
[EventDate "2009.08.27"]
[EventType "swiss"]
[EventRounds "7"]
[EventCountry "GER"]
[Source "Th. Schwetlick"]
[SourceDate "2009.08.27"]
[WhiteTeam "SV Wartburgstadt Eisenach"]
[BlackTeam "SC Mecklenburger Springer"]

1. b4 e5 2. Bb2 f6 3. a3 d5 4. Nf3 Be6 5. e3 Bd6 6. d3 Ne7 7. Be2 Nd7 8. O-O
O-O 9. Nbd2 Qe8 10. c4 c6 11. Qc2 Rc8 12. c5 Bb8 13. h3 Qg6 14. g4 h5 15. Nh4
Qg5 16. Ndf3 Qh6 17. e4 hxg4 18. hxg4 Bxg4 19. Kg2 Ng6 20. Rh1 Nxh4+ 21. Rxh4
Bxf3+ 22. Kh3 Bg2+ 23. Kg3 Qg6+ 24. Rg4 Qf7 25. Kxg2 f5 26. Rh4 fxe4 27. dxe4
Qxf2+ 28. Kh1 Qxh4+ 29. Kg1 Rf2 0-1